Miasta gospodarze - Euro 2024 - Statystyki

Ogólne statystyki
  • Ten quiz został rozwiązany 159 razy
  • Średni wynik to 7 z 10
Statystyki odpowiedzi
Miasto % Poprawnych
Berlin
96%
Monachium
92%
Dortmund
91%
Hamburg
82%
Lipsk
74%
Frankfurt nad Menem
66%
Kolonia
63%
Stuttgart
60%
Düsseldorf
48%
Gelsenkirchen
39%
Nie znaleziono quizów pasujących do podanych kryteriów
Rozkład punktacji
Procent ludzi z każdym wynikiem
Percentyl według liczby udzielonych odpowiedzi
Twoja historia wyników
Nie rozwiązałeś tego quizu